Catálogo
 En Linea

El humanismo del profesor Augusto Mijares / (Registro nro. 1939)

Detalles MARC
000 -CABECERA
campo de control de longitud fija 00766cam a2200205 a 4500
001 - NÚMERO DE CONTROL
campo de control 000002078
005 - FECHA Y HORA DE LA ÚLTIMA TRANSACCIÓN
campo de control 20200929145825.0
008 - DATOS DE LONGITUD FIJA--INFORMACIÓN GENERAL
campo de control de longitud fija 790531s1978 ve a b 000 0cspa
040 ## - FUENTE DE LA CATALOGACIÓN
Centro catalogador/agencia de origen DO-SdBNP
Centro/agencia transcriptor DLC
Centro/agencia modificador DLC
082 ## - NÚMERO DE LA CLASIFICACIÓN DECIMAL DEWEY
Número de clasificación V868.4
Número de documento/Ítem M636A
100 1# - ENTRADA PRINCIPAL--NOMBRE DE PERSONA
Nombre de persona Amarista de Cumare, Beyra.
9 (RLIN) 6687
245 13 - MENCIÓN DE TÍTULO
Título El humanismo del profesor Augusto Mijares /
Mención de responsabilidad, etc. Beyra Amarista de Cumare.
260 ## - PUBLICACIÓN, DISTRIBUCIÓN, ETC.
Lugar de publicación, distribución, etc. Caracas :
Nombre del editor, distribuidor, etc. Ministerio de Informacion y Turismo,
Fecha de publicación, distribución, etc. 1978.
300 ## - DESCRIPCIÓN FÍSICA
Extensión 142 p. :
Otras características físicas il. ;
Dimensiones 23 cm.
504 ## - NOTA DE BIBLIOGRAFÍA, ETC.
Nota de bibliografía, etc. Bibliografía: p. 139-142.
600 14 - PUNTO DE ACCESO ADICIONAL DE MATERIA--NOMBRE DE PERSONA
Nombre de persona MIJARES, AUGUSTO
Fechas asociadas al nombre 1897-1979
Subdivisión general CRÍTICA E INTERPRETACIÓN
9 (RLIN) 6688
650 #4 - PUNTO DE ACCESO ADICIONAL DE MATERIA--TÉRMINO DE MATERIA
Término de materia o nombre geográfico como elemento de entrada Autores venezolanos
Subdivisión cronológica SIGLO XX
Subdivisión general Biografías
9 (RLIN) 6689
600 14 - PUNTO DE ACCESO ADICIONAL DE MATERIA--NOMBRE DE PERSONA
Nombre de persona Mijares, Augusto,
Fechas asociadas al nombre 1897-1979
Subdivisión general BIBLIOGRAFÍA
9 (RLIN) 6690
910 ## - DATOS DE OPCIÓN DEL USUARIO (OCLC)
Datos de opción del usuario Catalogación por copia / LC
Existencias
Estado de retiro Estado de pérdida Restricciones de uso No para préstamo Código de colección Localización permanente Ubicación/localización actual Ubicación en estantería Fecha de adquisición Número de inventario Total de préstamos Signatura topográfica completa Código de barras Fecha visto por última vez Precio válido a partir de Tipo de ítem Koha
    Préstamo interno Préstamo restrigido Monografías: Libros y Folletos General General En encuadernación 22.09.2009 LF1   V868.4 M636A 2078-10 25.06.2020 25.06.2020 Préstamo interno

Con tecnología Koha